| 000 | 02352nam a22002537a 4500 | ||
|---|---|---|---|
| 003 | Uzh_bibl | ||
| 008 | 260408b |||||||| |||| 00| 0 ukr d | ||
| 020 | _c0.75 | ||
| 040 | _aукр. | ||
| 041 |
_2ukr _aukr |
||
| 080 | _a821(477) | ||
| 090 |
_a821(477) _bП 52 |
||
| 100 | _aПолторацький, Олексій | ||
| 245 |
_aПовість про Гоголя. Останні роки _hТекст |
||
| 260 |
_aКиїв _bРадянський письменник _c1976 |
||
| 300 |
_a318 с. _fВ опр. |
||
| 520 | _aОгляд від ШІ «Повість про Гоголя. Останні роки» Олексія Полторацького — це біографічна проза, випущена у 1976 році видавництвом «Радянський письменник» (Київ), яка художньо описує завершальний період життя Миколи Гоголя. Книга висвітлює творчі пошуки, складні психологічні стани та повернення письменника до Російської імперії, часто ілюстрована М.С. Туровським. Твір присвячений останнім рокам життя Миколи Гоголя. Автор показує його духовні пошуки, творчі переживання, стан здоров’я та внутрішні суперечності. Через події та оточення письменника розкривається складність його особистості, боротьба між творчістю, вірою та життєвими труднощами. | ||
| 521 | _aДля широкого кола читачів | ||
| 546 | _aукр. | ||
| 650 |
_aЛітературно-художнє видання _yПереважно в 1840–1852 роках — останній період життя Миколи Гоголя _zПодії відбуваються в Російській імперії та за кордоном (зокрема в Італії) |
||
| 653 |
_aГоголь _aПисьменник _aДуховність _aТворчість _aПошуки |
||
| 655 |
_aХудожньо-біографічна повість _v[Повісті] |
||
| 942 |
_2udc _cBK |
||
| 999 |
_c17290 _d17290 |
||